00397nam a2200121Ia 4500008004100000041000800041082001500049100004200064245008000106260005400186300000800240650002700248210716s1976 xx 000 0 und d aeng a651.7 MILG aMiller, Gerald R; Nicholson, Henry E. aCommunication Inquiry: perspective on a process.bPerspective on a process. aNew YorkbAddison wesley Publishing Companyc1976 a260 aBusiness Communication